00897cam a2200217 a 4500020002800000040000800028082002600036100002300062245013200085260004300217300003300260650001500293650001400308650002000322856005800342856006500400856005500465942000700520999001700527952013500544 a0471243744 (alk. paper) cDLC00a609 JOH 1998 A042 Or.1 aYoung, Jeffrey S.,10aForbesŪ greatest technology stories :binspiring tales of the entrepreneurs and inventors who revolutionized modern business / aNew York :bJohn Wiley & Sons,cc1998. axi, 368 p. :bill. ;c24 cm. 0aInventions 0aInventors 0aHigh technology42uhttp://www.loc.gov/catdir/bios/wiley042/98030590.html42uhttp://www.loc.gov/catdir/description/wiley033/98030590.html4 uhttp://www.loc.gov/catdir/toc/onix04/98030590.html cEK c12857d12857 0010406609_000000000000000_JOH_1998_A047_OR70962950aLBAbLBAcA047d2017-08-17o609 JOH 1998 A047 Or.pA19179r2017-08-17yEK